[Event "VM Schachforum Darmstadt"]
[Site "Schachforum Darmstadt"]
[Date "2017.03.24"]
[Round "1.11"]
[White "Remscheid, Torsten"]
[Black "Goldbach, Max"]
[Result "1-0"]
[WhiteElo "1689"]
[BlackElo "1100"]
[PlyCount "78"]
[EventDate "2017.??.??"]
[SourceDate "2008.01.21"]
[WhiteTeam "Schachforum Darmstadt"]
[BlackTeam "vereinslos"]

1. d4 d5 2. Nf3 e6 3. e3 Nf6 4. Bd3 a6 5. O-O c5 6. b3 cxd4 7. exd4 Be7 8. Bb2
Qc7 9. Nbd2 Nbd7 10. Ne5 g6 11. Qf3 Bd6 12. Rfe1 O-O 13. a3 b5 14. Qh3 Nh5 15.
Qg4 Bb7 16. Re3 Kg7 17. c4 bxc4 18. bxc4 f6 19. Nxd7 Qxd7 20. Qxe6 Qc7 21. g3
Rfe8 22. Qg4 Rxe3 23. fxe3 Bxg3 24. hxg3 Nxg3 25. Kf2 Nh5 26. Rh1 f5 27. Bxf5
Qg3+ 28. Qxg3 Nxg3 29. Kxg3 gxf5 30. c5 Rg8 31. Kf4 Kg6 32. Rg1+ Kf7 33. Rxg8
Kxg8 34. Kxf5 Kf7 35. Nf3 Bc8+ 36. Ke5 Bb7 37. Bc3 Ke7 38. Be1 Kd7 39. Ng5 h6
1-0

[Event "VM Schachforum Darmstadt"]
[Site "Schachforum Darmstadt"]
[Date "2017.03.24"]
[Round "1.10"]
[White "Strothjohann, Thomas"]
[Black "Brückmann, Gerd"]
[Result "0-1"]
[WhiteElo "1162"]
[BlackElo "1989"]
[PlyCount "42"]
[EventDate "2017.??.??"]
[SourceDate "2008.01.21"]
[WhiteTeam "SC Breuberg"]
[BlackTeam "SV Anderssen Arolsen"]

1. e4 e6 2. Bc4 d5 3. exd5 exd5 4. Bb3 Nf6 5. d4 Be7 6. Nf3 O-O 7. O-O Bg4 8.
Qd3 Nc6 9. a3 Bxf3 10. gxf3 Bd6 11. f4 Nh5 12. Qf3 Qh4 13. Bxd5 Nxd4 14. Qe4
Nxf4 15. Bxf4 Bxf4 16. Qg2 c6 17. Bc4 Nf3+ 18. Kh1 Nxh2 19. Qxg7+ Kxg7 20. Rg1+
Ng4+ 21. Kg2 Qxf2+ 0-1

[Event "VM Schachforum Darmstadt"]
[Site "Schachforum Darmstadt"]
[Date "2017.03.24"]
[Round "1.9"]
[White "Cors, Heinz-Friedrich"]
[Black "Czappa, Fabian Alexander"]
[Result "1/2-1/2"]
[WhiteElo "1952"]
[BlackElo "1440"]
[PlyCount "143"]
[EventDate "2017.??.??"]
[SourceDate "2008.01.21"]
[WhiteTeam "Schachforum Darmstadt"]
[BlackTeam "Schachforum Darmstadt"]

1. e4 e5 2. Bc4 Nf6 3. d3 Be7 4. Nf3 d6 5. c3 O-O 6. Nbd2 a6 7. a4 Nc6 8. Bb3
Be6 9. Bxe6 fxe6 10. Qb3 Qd7 11. O-O d5 12. Re1 Bd6 13. exd5 exd5 14. Ne4 Qe6
15. Ng3 $6 (15. Nfg5 Qd7 16. Nxf6+ gxf6 17. Qxd5+ Kh8 18. Ne4 Qf7 19. Qxf7 Rxf7
20. Be3 f5 21. Nxd6 cxd6 $14) 15... Na5 16. Qa2 c5 17. Bf4 Nc6 18. d4 (18. Ne4
exf4 19. Nxf6+ Qxf6 20. Qxd5+ Qf7 21. Qxd6 Qf5) 18... e4 $2 (18... cxd4 $1 19.
cxd4 Bb4 20. Rxe5 (20. Re2 $6 e4 21. Bg5 h6 22. Bxf6 Rxf6 23. Qb3 a5 24. Rd1
$15) 20... Nxe5 21. dxe5 Ne4 22. Nxe4 Rxf4 23. Neg5 Qc6 24. Qb1 g6 25. g3 Rc4
26. e6 Rf8 27. Ne5 Qb6 28. Nxc4 dxc4 (28... Qxf2+ 29. Kh1 dxc4 30. Qe4 Be7 31.
Nf7 $13)) 19. Bxd6 $6 (19. Ng5 $3 Qd7 (19... Qg4 20. Bxd6 Qxg5 21. Bxf8 Rxf8
22. Nxe4) 20. Bxd6 Qxd6 21. N3xe4 Nxe4 22. Nxe4 Qd7 23. Nxc5 Qf5 24. b4 $18)
19... Qxd6 20. dxc5 Qxc5 21. Nxe4 Nxe4 22. Rxe4 Rf7 23. Re3 d4 $2 24. cxd4 Nxd4
25. Nxd4 $2 (25. Ne5 $3) 25... Qxd4 26. Rae1 g6 27. Rf3 Raf8 28. h3 Kg7 29.
Rxf7+ Rxf7 30. b3 b5 31. Qa1 Qxa1 32. Rxa1 bxa4 33. Rxa4 Rb7 34. Ra3 a5 35. Kf1
Kf6 36. Ke2 Rb5 37. Kd3 Ke5 38. Kc4 Rb4+ 39. Kc3 Rb5 40. Ra4 h5 41. Rc4 g5 42.
Rc8 h4 43. Rc4 Rd5 44. Rg4 Rc5+ 45. Kb2 Kf5 46. Ka3 Rb5 (46... Rc2 47. f3 Re2
48. Ka4 Rb2) 47. Ka4 Re5 48. Rc4 Re2 49. Kxa5 Rxf2 50. Rg4 Kf6 51. Kb6 Rf5 52.
b4 Ke7 53. b5 Kd7 54. Ka6 Kc7 55. b6+ (55. Re4 $1) 55... Kb8 56. Re4 Rf8 57.
Re7 Rg8 58. Kb5 Rg6 59. Ka6 Rg8 60. Re4 Rf8 61. Kb5 Rg8 62. Kc5 Rg6 63. Rb4 Kb7
64. Kd5 Rg8 65. Ke5 Rg6 66. Kf5 Rg8 67. Rg4 Kxb6 68. Rxg5 Rf8+ 69. Kg4 Rh8 70.
Rg6+ $2 (70. Rh5 Rg8+ 71. Kxh4 Rxg2 72. Rg5 Ra2 73. Kh5 Ra4 74. Rg4 Ra8 75. h4
Kc5 $11) 70... Kc5 71. Rf6 Rg8+ 72. Kf3 {und nach weiteren Zügen in der
hektischen Zeitnophase der Verlängerung einigten sich beide Spieler auf Remis.}
1/2-1/2

[Event "VM Schachforum Darmstadt"]
[Site "Schachforum Darmstadt"]
[Date "2017.03.24"]
[Round "1.8"]
[White "Brockmann, Marcus"]
[Black "Wiewesiek, Timo"]
[Result "0-1"]
[WhiteElo "1585"]
[BlackElo "1925"]
[PlyCount "54"]
[EventDate "2017.??.??"]
[SourceDate "2008.01.21"]
[WhiteTeam "Schachforum Darmstadt"]
[BlackTeam "Schachforum Darmstadt"]

1. e4 g6 2. d4 d6 3. Nc3 Bg7 4. Be3 Nd7 5. Qd2 b6 6. Bc4 e6 7. O-O-O Bb7 8. f3
a6 9. h4 h5 10. Nh3 Qe7 11. Ng5 O-O-O 12. Qd3 b5 13. Bb3 c5 14. dxc5 dxc5 15.
Nxb5 (15. Bf4 Be5 (15... c4 16. Bxc4 bxc4 17. Qxc4+ Qc5 18. Qxc5+ Nxc5 19. Nxf7
) 16. Bxe5 Nxe5 17. Qxd8+ Qxd8 18. Rxd8+ Kxd8 19. f4) 15... axb5 16. Qxb5 Ngf6
17. a4 Ne8 18. Rxd7 $2 Rxd7 19. Bxc5 Qf6 20. c3 Qf4+ 21. Kb1 Nc7 22. Qc4 Ba6
23. Qb4 Bd3+ 24. Ka2 Na6 25. Qb6 Nxc5 26. Qxc5+ Qc7 27. Qb4 Bf8 0-1

[Event "VM Schachforum Darmstadt"]
[Site "Schachforum Darmstadt"]
[Date "2017.03.24"]
[Round "1.7"]
[White "Seehaus, Bernhard"]
[Black "Friedel, Thomas"]
[Result "1-0"]
[WhiteElo "2000"]
[BlackElo "1561"]
[PlyCount "47"]
[EventDate "2017.??.??"]
[SourceDate "2008.01.21"]
[WhiteTeam "Schachforum Darmstadt"]
[BlackTeam "SV Groß-Gerau"]

1. Nc3 Nf6 2. e4 e5 3. f4 d5 4. fxe5 Nxe4 5. Qf3 Nxc3 6. dxc3 Qh4+ 7. g3 Qe4+
8. Qxe4 dxe4 9. Bg2 Bf5 10. Ne2 Nd7 11. Nd4 Bg6 12. e6 Nf6 13. exf7+ Bxf7 14.
O-O Bc5 15. Bg5 Bc4 16. Rf5 Be7 17. Bxf6 Bxf6 18. Rc5 Bxd4+ 19. cxd4 Ba6 20.
Rxc7 O-O 21. Re1 Rac8 22. Rxc8 Rxc8 23. Bxe4 Re8 24. Bxh7+ 1-0

[Event "VM Schachforum Darmstadt"]
[Site "Schachforum Darmstadt"]
[Date "2017.03.24"]
[Round "1.6"]
[White "Gärtner, Peter"]
[Black "Heß, Steffen"]
[Result "0-1"]
[WhiteElo "1689"]
[BlackElo "2016"]
[PlyCount "82"]
[EventDate "2017.??.??"]
[SourceDate "2008.01.21"]
[WhiteTeam "SV Bodenheim"]
[BlackTeam "SC Groß-Zimmern"]

1. d4 Nf6 2. Nf3 g6 3. Bf4 Bg7 4. h3 d6 5. e3 O-O 6. Bd3 a6 7. Nbd2 Nbd7 8. O-O
c5 9. c4 Re8 10. Qc2 e5 11. dxe5 dxe5 12. Bg5 Qc7 13. e4 Nf8 14. Rfd1 Ne6 15.
Be3 b6 16. Nf1 Bb7 17. Ng3 Nd4 18. Nxd4 exd4 19. Bd2 Re6 20. Re1 h5 21. Re2 h4
22. Nf1 Rae8 23. Rae1 Nh5 24. Qc1 Be5 25. Qb1 Bf4 26. f3 Qe5 27. a3 Qg5 28. Qc1
Bxd2 29. Qxd2 Qxd2 30. Rxd2 f5 31. Nh2 Ng3 32. Kf2 fxe4 33. fxe4 Bxe4 34. Nf3
Bxd3 35. Rxd3 Rxe1 36. Nxh4 Nh1+ 37. Kf3 R1e3+ 38. Rxe3 Rxe3+ 39. Kf4 g5+ 40.
Kxg5 d3 41. Nf5 Re5 0-1

[Event "VM Schachforum Darmstadt"]
[Site "Schachforum Darmstadt"]
[Date "2017.03.24"]
[Round "1.5"]
[White "Leck, Jakob"]
[Black "Schönwelski, Ralph"]
[Result "1-0"]
[WhiteElo "2025"]
[BlackElo "1587"]
[PlyCount "37"]
[EventDate "2017.??.??"]
[SourceDate "2008.01.21"]
[WhiteTeam "SV Lahn Limburg"]
[BlackTeam "SC Heimbach-Weis"]

1. e4 b6 2. d4 Bb7 3. Bd3 Nf6 4. Qe2 e6 5. f4 d5 6. e5 Nfd7 7. Nf3 c5 8. c3 Nc6
9. a3 c4 10. Bc2 Na5 11. f5 Be7 12. fxe6 fxe6 13. Ng5 Bxg5 14. Qh5+ g6 15.
Bxg6+ Kf8 16. Bxg5 Qc7 17. O-O+ Kg7 18. Bh6+ Kg8 19. Bf7# 1-0

[Event "VM Schachforum Darmstadt"]
[Site "Schachforum Darmstadt"]
[Date "2017.03.24"]
[Round "1.4"]
[White "Schneider, Kevin"]
[Black "Augner, Björn"]
[Result "0-1"]
[WhiteElo "1611"]
[BlackElo "1986"]
[PlyCount "76"]
[EventDate "2017.??.??"]
[SourceDate "2008.01.21"]
[WhiteTeam "SC Breuberg"]
[BlackTeam "SF Conweiler"]

1. e4 e6 2. d4 d5 3. Nd2 Nf6 4. e5 Nfd7 5. Bd3 c5 6. c3 Nc6 7. Ne2 Be7 8. O-O
O-O 9. f4 Qb6 10. Nf3 f6 11. Kh1 cxd4 12. cxd4 f5 13. Ng5 Bxg5 14. fxg5 Qb4 15.
Bc2 Nb6 16. a3 Qe7 17. Rf3 Bd7 18. b3 Rac8 19. Rg3 Be8 20. Nf4 Nxd4 21. Qxd4
Rxc2 22. a4 Qc7 23. Ba3 Rf7 24. Nxe6 Qc8 25. Nf4 Kh8 26. Re1 Rfc7 27. e6 R7c6
28. Bb2 Qc7 29. e7 Rxb2 30. Qxb2 (30. Nh5 $3 Rg6 31. Qxb2) 30... Qxf4 31. Qb1
Rc7 32. Rf1 Qe4 33. Qxe4 dxe4 34. h4 g6 35. h5 Rxe7 36. h6 Bc6 37. Kg1 Kg8 38.
Rd1 Nd5 0-1

[Event "VM Schachforum Darmstadt"]
[Site "Schachforum Darmstadt"]
[Date "2017.03.24"]
[Round "1.3"]
[White "Wuerl, Roland"]
[Black "Blanquett, Jan Niklas"]
[Result "1-0"]
[WhiteElo "2024"]
[BlackElo "1694"]
[PlyCount "73"]
[EventDate "2017.??.??"]
[SourceDate "2008.01.21"]
[WhiteTeam "SK Dieburg"]
[BlackTeam "SV Rochade Hünfeld"]

1. Nf3 Nf6 2. c4 g6 3. d4 Bg7 4. Nc3 d5 5. cxd5 Nxd5 6. e4 Nxc3 7. bxc3 c5 8.
Rb1 Nc6 9. d5 Bxc3+ 10. Bd2 Bxd2+ 11. Qxd2 Na5 12. Bb5+ Bd7 13. Qc3 f6 14.
Bxd7+ Kxd7 15. Qxc5 b6 16. Qb5+ Kc7 17. O-O Qd7 18. d6+ exd6 19. Rbc1+ Kd8 20.
Qd5 Ke7 21. Qd2 Rhc8 22. Qh6 Ke8 23. Rcd1 Rc5 24. e5 fxe5 25. Ng5 Rc7 26. Ne4
Qg7 27. Nxd6+ Kf8 28. Qh4 Qe7 29. Qe4 Rd8 30. f4 Rcd7 31. fxe5+ Kg7 32. Rde1
Rf8 33. Rxf8 Kxf8 34. Rf1+ Kg7 35. Qf3 (35. Rf7+) 35... Nb7 36. Qf6+ Kh6 (36...
Qxf6 37. Ne8+ Kh8 38. Rxf6 Kg8 39. Rxg6+ hxg6 40. Nf6+) 37. Nf5+ 1-0

[Event "VM Schachforum Darmstadt"]
[Site "Schachforum Darmstadt"]
[Date "2017.03.24"]
[Round "1.2"]
[White "Torrijos, Javier"]
[Black "Karimi, Farhad"]
[Result "1/2-1/2"]
[WhiteElo "1608"]
[BlackElo "2116"]
[PlyCount "138"]
[EventDate "2017.??.??"]
[SourceDate "2008.01.21"]
[WhiteTeam "Schachforum Darmstadt"]
[BlackTeam "Satranç Club"]

1. d4 d5 2. c4 dxc4 3. e3 Nf6 4. Bxc4 e6 5. Nf3 c5 6. Nc3 Nc6 7. O-O cxd4 8.
Nxd4 Bd7 9. Nf3 Be7 10. e4 Qb8 11. Re1 Ne5 12. Bf4 Nxf3+ 13. Qxf3 e5 14. Bg5
O-O 15. Qg3 b5 16. Nd5 Qd8 17. Nxe7+ Qxe7 18. Be2 Rfd8 19. h3 Bc6 20. Rac1 Rd6
21. Qa3 Qe6 22. f3 a5 23. Rc5 Nd7 24. Rc2 h6 25. Be3 b4 26. Qb3 Qe8 27. Rec1
Nf8 28. Bc4 Qd7 29. Bxf7+ Kh8 30. Rxc6 Rxc6 31. Rxc6 Qxc6 32. Bd5 Qc8 33. Bxa8
Qxa8 34. Qd5 Qb8 35. Qxa5 b3 36. a4 Qd6 37. Qd5 Qb4 38. Bc5 Qe1+ 39. Kh2 Ng6
40. Qxb3 Nf4 41. Qb8+ Kh7 42. Qxe5 Qd2 43. Qf5+ Kg8 44. Qg4 Kf7 45. b4 g5 46.
Qg3 Kg6 47. a5 Qd3 48. Qf2 h5 49. g3 (49. Qa2 $1) 49... Ne2 50. Kg2 h4 51. gxh4
Nf4+ 52. Kh2 Kh5 53. Qg3 Qd2+ 54. Bf2 gxh4 55. Qxh4+ Kg6 56. Qg3+ Kh6 57. h4
Kh7 58. Kh1 Qd1+ 59. Bg1 Ne2 60. Qf2 Nxg1 61. Qxg1 Qxf3+ 62. Qg2 Qd1+ 63. Kh2
Qd6+ 64. Kh3 Qxb4 65. h5 Qa3+ 66. Qg3 Qxa5 67. Qg6+ Kh8 68. h6 Qc3+ 69. Kg4
Qg3+ 1/2-1/2

[Event "VM Schachforum Darmstadt"]
[Site "Schachforum Darmstadt"]
[Date "2017.03.24"]
[Round "1.1"]
[White "Nothnagel, Marian Can"]
[Black "Pauli, Walter"]
[Result "1-0"]
[WhiteElo "2107"]
[BlackElo "1852"]
[PlyCount "91"]
[EventDate "2017.??.??"]
[SourceDate "2008.01.21"]
[WhiteTeam "SV Griesheim"]
[BlackTeam "Schachforum Darmstadt"]

1. e4 e5 2. Nf3 d6 3. d4 Nf6 4. Nc3 Nbd7 5. Bc4 Be7 6. a4 O-O 7. O-O c6 8. Re1
Qc7 9. h3 b6 10. Be3 Bb7 11. Ba2 a6 12. Qd2 b5 13. axb5 axb5 14. b4 Nb6 15. Bb3
Na4 16. Bxa4 bxa4 17. dxe5 dxe5 18. Bc5 Bxc5 19. bxc5 a3 20. Qe3 Ra5 21. Nd2
Rfa8 22. Nc4 R5a6 23. Qg5 Nd7 24. Qe7 Qd8 25. Qd6 Qe8 26. Red1 Bc8 27. Qc7 R8a7
28. Nd6 Rxc7 29. Nxe8 Rca7 30. Nd6 Bb7 31. Ndb5 Bc8 32. Nxa7 Rxa7 33. Nb1 a2
34. Nc3 Kf8 35. Rxa2 Rxa2 36. Nxa2 Ke7 37. Nb4 Nxc5 38. Nxc6+ Ke6 39. f3 f6 40.
Rd8 Bd7 41. Nb8 Ba4 42. Rd5 Nb7 43. c4 Nd6 44. c5 Nc8 45. c6 Nb6 46. c7 1-0